000
00371nam a2200133Ia 4500
008
100328s9999 xx 000 0 und d
082
_b
27696
100
_a
मडकईकर भालचंद्र
245
_a
त्रिवेणी
260
_b
प्रिया
630
_a
त्रिवेणी
730
_a
त्रिवेणी
942
_c
BOOK
999
_c
519452
_d
519449